| 000 | 00669nam a22002532i 4500 | ||
|---|---|---|---|
| 001 | 3686 | ||
| 003 | BD-RjUL | ||
| 005 | 20211208233753.0 | ||
| 008 | 131219s1951 enk 001 0 eng d | ||
| 035 | _a(BD-RjUL)3720 | ||
| 040 |
_aDGW _cDGW _dUKM _dEQO _dBD-RjUL _beng |
||
| 041 | _aeng | ||
| 082 | 0 | 0 |
_a332.4 _216 _bBEM 1951 |
| 090 |
_aHG255 _b.B44 |
||
| 100 | 1 |
_aBeyen, J. W. _d1897- _911712 |
|
| 245 | 1 | 0 |
_aMoney in a maelstrom / _cby J.W. Beyen |
| 260 |
_aLondon : _bMacmillan, _c1951. |
||
| 300 |
_a212 p. ; _c23 cm. |
||
| 504 | _aIncludes index. | ||
| 650 | 0 |
_aCurrency question _911713 |
|
| 650 | 0 |
_aGold standard _911714 |
|
| 942 |
_2ddc _cBK |
||
| 999 |
_c3686 _d3686 |
||